000 00806nam a22001577a 4500
003 OSt
005 20151217153520.0
008 151217b xxu||||| |||| 00| 0 eng d
040 _cRUA
082 _aAED PRE 2008 B231 Or.1
100 _95051
_aPREAP, CHAMNAN.
245 _aThe study on the effectiveness of rice bank of rural poverty reduction project in svayteap district, svay rieng province, ការសិក្សាអំពីប្រសិទ្ធភាពរបស់ធនាគារស្រូវក្នុងគំរោងកាត់បន្ថយភាពក្រីក្រនៅតំបន់ជនបទ ស្រុកស្វាយទាប ខេត្តស្វាយរៀង
260 _aPhnom Penh
_bRUA
_c2008
300 _ax; 43p.
_bill.
_c29cm.
942 _2ddc
_cAED
999 _c4699
_d4699